000 00244nam a2200109Ia 4500
008 190216s9999||||xx |||||||||||||| ||und||
100 _aVarma R S
245 0 _aHindi-Redar
260 _bMac Millian And Com. Ltd
650 _aHindi
942 _cBK
999 _c15347
_d15347